LEADER 01251nam--2200373---450- 001 990001573060203316 005 20050225132420.0 035 $a000157306 035 $aUSA01000157306 035 $a(ALEPH)000157306USA01 035 $a000157306 100 $a20040416d1983----km-y0itay0103----ba 101 0 $aita 102 $aIT 105 $a||||||||001yy 200 1 $aAlcuni manoscritti autografi di Vilfredo Pareto conservati nella Biblioteca Nazionale di Firenze$fcatalogo a cura di Lapo Melani 210 $aFirenze$cLa nuova italia$d1983 215 $aXXVI, 56 p.$d30 cm 225 2 $aInventari e cataloghi toscani$v13 410 0$12001$aInventari e cataloghi toscani$v13 454 1$12001 461 1$1001-------$12001 676 $a016.330 702 1$aMELANI,$bLapo 710 12$aBiblioteca Nazionale Centrale, Firenze$0448254 801 0$aIT$bsalbc$gISBD 912 $a990001573060203316 951 $aI.2.C. 154 (XIII coll. 32/13)$b16877 L.M.$cXIII coll. 959 $aBK 969 $aUMA 979 $aSIAV1$b10$c20040416$lUSA01$h1241 979 $aCOPAT4$b90$c20050225$lUSA01$h1324 996 $aAlcuni manoscritti autografi di Vilfredo Pareto conservati nella Biblioteca Nazionale di Firenze$9938145 997 $aUNISA